000 01119nam0a22002411 4500
001 rc\4491991
005 20250611183814.0
035 _a(NLR Aleph) 008338229
090 _a8860441
_c8860441
100 _a20130416d1963 |||y0rusy50 ca
101 0 _arus
102 _aRU
105 _ay z |||||
200 1 _a[Тезисы докладов]
_fМ-во здрав. СССР. Гос. контрольный ин-т мед. биол. препаратов им. Л.А. Тарасевича. Науч. конференция, посвящ. памяти Л.А. Тарасевича. Май 1963 г.
210 _aМосква
_cБ. и.
_d1963
215 _a35 с.
_d20
710 0 2 _aКонтрольный институт медицинских биологических препаратов им. Л. А. Тарасевича
_bНаучная конференция, посвященная памяти Л. А. Тарасевича
_cМосква
_f1963
_9690803
_3RU\NLR\AUTH\880515073
801 0 _aRU
_bNLR
_gpsbo
801 1 _aRU
_bELAR
_2rusmarc
852 _aNLR
_j63-4/9531
942 _cBOOK
980 _aNB